La cuestion palpitante (Record no. 159082)

MARC details
000 -LEADER
campo de control de longitud fija 00843nam a2200181 i 4500
001 - NÚMERO DE CONTROL
campo de control 159082
003 - IDENTIFICADOR DE NÚMERO DE CONTROL
campo de control ES-MaACL
005 - FECHA Y HORA DE LA ÚLTIMA TRANSACCIÓN
campo de control 20230906211437.0
008 - DATOS DE LONGITUD FIJA--INFORMACIÓN GENERAL
campo de control de longitud fija 040908s1885 cu |||| | spa d
040 ## - FUENTE DE CATALOGACIÓN
Centro catalogador/agencia de origen CAM
Lengua de catalogación spa
Centro/agencia transcriptor CAM
100 1# - ENTRADA PRINCIPAL--NOMBRE DE PERSONA
Nombre de persona Mas y Otzet, Francisco de.
9 (RLIN) 129687
245 13 - MENCIÓN DEL TÍTULO
Título La cuestion palpitante
Resto del título : estudio historico-politico sobre el conflicto hispano-aleman : con una exposicion del derecho de España sobre los Palaos y Carolinas /
Mención de responsabilidad, etc. por Francisco de Mas y Otzet.
260 ## - PUBLICACIÓN, DISTRIBUCIÓN, ETC.
Lugar de publicación, distribución, etc. Habana :
Nombre del editor, distribuidor, etc. Molinas y July,
Fecha de publicación, distribución, etc. 1885 (
Fabricante Tip. "La Universal")
300 ## - DESCRIPCIÓN FÍSICA
Extensión 74 p. ;
Dimensiones 26 cm.
651 #4 - PUNTO DE ACCESO ADICIONAL DE MATERIA--NOMBRE GEOGRÁFICO
Nombre geográfico Alemania-
Subdivisión general Relaciones-
Subdivisión geográfica España.
9 (RLIN) 149658
651 #4 - PUNTO DE ACCESO ADICIONAL DE MATERIA--NOMBRE GEOGRÁFICO
Nombre geográfico España-
Subdivisión general Relaciones-
Subdivisión geográfica Alemania.
9 (RLIN) 149657
852 ## - LOCALIZACIÓN
Ubicación ES-MaACL
Número de control de estantería T-955-F-8
Nota libre -- Enc. hol. conservando la cub. original
-- -- Legado de González del Campillo
-- -- Enc. en un vol. facticio
Holdings
Estatus retirado Estado de pérdida Estado de daño No para préstamo Colección Biblioteca de origen Biblioteca actual Ubicación en estantería Fecha de adquisición Fuente de adquisición Total de préstamos Signatura topográfica completa Código de barras Visto por última vez Precio de reemplazo Tipo de ítem Koha
        Colección de folletos Biblioteca del Ateneo de Madrid Biblioteca del Ateneo de Madrid Depósito folletos 17/01/2008     T-955-F-8 1166536 23/02/2023 23/02/2023 Folleto